000
00337nam a2200121Ia 4500
999
_c
8932
_d
8932
082
_a
320.97
100
_a
محمود شام
245
0
_a
امریکا کیا سوچ رہا ہے؟
260
_a
کراچی
_b
ویلکم بک پورٹ (پرائیویٹ) لمیٹڈ
_c
٢٠٠٥
300
_a
٤٣٦ صفحات
650
_a
America
942
_c
BK